Introduction to Atomic Physics / (Record no. 184478)

000 -LEADER
fixed length control field 01393 a2200169 4500
003 - CONTROL NUMBER IDENTIFIER
control field Nust
005 - DATE AND TIME OF LATEST TRANSACTION
control field 20221202101745.0
040 ## - CATALOGING SOURCE
Transcribing agency Nust
082 ## - DEWEY DECIMAL CLASSIFICATION NUMBER
Classification number 539.7,TOL
100 ## - MAIN ENTRY--PERSONAL NAME
Personal name Tolansky, S.
9 (RLIN) 103971
245 ## - TITLE STATEMENT
Title Introduction to Atomic Physics /
Statement of responsibility, etc. S. Tolansky, Sir Lawrence Bragg
260 ## - PUBLICATION, DISTRIBUTION, ETC.
Place of publication, distribution, etc. London
Name of publisher, distributor, etc. Longmans
Date of publication, distribution, etc. 1949
300 ## - PHYSICAL DESCRIPTION
Extent xi, 435 p.
505 ## - FORMATTED CONTENTS NOTE
Formatted contents note The Conduction Of Electricity Through Gases (Page-1), The Electric Discharge Through Gases At Low Pressures (Page-26), The Charge And Mass Of The Electron (Page-41), Positive Rays And The Mass Spectrograph (Page-54), The Quantum Theory (Page-82), The Thermionic Effect (Page-102), Photo Electricity (Page-121), Atomic Spectra And The Periodic Table (Page-138), X-Rays And Their Properties (Page-158), The Structures Of Crystals (Page-173), The Wave Mechanics (Page-194), Electron Collision In Gases (Page-209), Radioactivity And The Radioactive Transformations (Page-216), The Α-Particle (Page-237), The Β-Rays (Page-259), The Γ-Rays (Page-276), The Detection Of Single Atomic Particles (Page-284), Cosmic Radiation: The Positron (Page-296), Mesons (Page-317), High Energy Particle Accelerators (Page-330), The Nucleus Of The Atom (Page-354), The Neutron (Page-379), Nuclear Fission (Page-387), Atomic Energy Nuclear Reactors (Page-396), The Relativity Theory (Page-409).
650 ## - SUBJECT ADDED ENTRY--TOPICAL TERM
Topical term or geographic name entry element Atoms.
9 (RLIN) 10462
942 ## - ADDED ENTRY ELEMENTS (KOHA)
Source of classification or shelving scheme
Koha item type Book
Call number prefix 539.7,TOL
Holdings
Withdrawn status Lost status Source of classification or shelving scheme Damaged status Not for loan Permanent Location Current Location Shelving location Date acquired Full call number Barcode Date last seen Price effective from Koha item type Public note
          Military College of Signals (MCS) Military College of Signals (MCS) General Stacks 12/12/2016 539.7,TOL MCS6187 12/08/2016 12/12/2016 Book Almirah NO 16, Shelf No 6
          Military College of Signals (MCS) Military College of Signals (MCS) General Stacks 12/12/2016 539.7,TOL MCS6482 12/08/2016 12/12/2016 Book Almirah No.77, Shelf No.3
© 2023 Central Library, National University of Sciences and Technology. All Rights Reserved.